Statistics for Weekdays in 15 European Languages

Click here to take the quiz!

General Stats

  • This quiz has been taken 56 times
  • The average score is 23 of 105

Answer Stats

HintAnswer% Correct
GeMontag
78%
GeFreitag
70%
GeMittwoch
63%
GeSonntag
63%
GeDonnerstag
60%
Por | SpDomingo
58%
GeDienstag
55%
GeSamstag
55%
FrLundi
53%
FrMardi
53%
SpMiércoles
53%
FrDimanche
50%
FrJeudi
50%
SpMartes
50%
FrMercredi
50%
Por | SpSábado
50%
SpJueves
48%
SpLunes
45%
FrVendredi
45%
SpViernes
45%
FrSamedi
43%
ItLunedì
33%
ItDomenica
30%
ItMartedí
30%
ItSabato
30%
Cz | PoSobota
30%
ItMercoledì
28%
SwMåndag
25%
PorSegunda
25%
ItVenerdi
25%
ItGiovedì
20%
CzNeděle
20%
PorQuarta-feira
20%
PorQuinta-feira
20%
SwSöndag
20%
SwFredag
18%
SwLördag
18%
DuMaandag
18%
SwOnsdag
18%
PorSexta-feira
18%
CzStředa
18%
PorTerça-feira
18%
SwTorsdag
18%
CzČtvrtek
15%
PoCzwartek
15%
DuDonderdag
15%
FiMaanantai
15%
PoNiedziela
15%
CzPátek
15%
PoPiątek
15%
CzPondělí
15%
PoPoniedziałek
15%
HuSzerda
15%
HuSzombat
15%
SwTisdag
15%
DuVrijdag
15%
DuZaterdag
15%
DuZondag
15%
HuCsütörtök
13%
DuDinsdag
13%
HuHétfő
13%
HuKedd
13%
FiKeskiviikko
13%
FiLauantai
13%
HuPéntek
13%
FiPerjantai
13%
PoŚroda
13%
FiSunnuntai
13%
FiTiistai
13%
FiTorstai
13%
CzÚterý
13%
HuVasárnap
13%
DuWoensdag
13%
PoWtorek
13%
LiAntradienis
5%
EsEsmaspäev
5%
IcFimmtudagur
5%
IcFöstudagur
5%
LiKetvirtadienis
5%
EsKolmapäev
5%
EsLauapäev
5%
IcLaugardagur
5%
IcMánudagur
5%
IcMiđvikudagur
5%
EsNeljapäev
5%
LiPirmadienis
5%
EsPühapäev
5%
EsReede
5%
LiSekmadienis
5%
LiŠeštadienis
5%
EsTeisipäev
5%
IcÞriđjudagur
5%
LiTrečiadienis
5%
LaCeturtdiena
3%
LaOtrdiena
3%
LiPenktadienas
3%
LaPiektdiena
3%
LaPirmdiena
3%
LaSestdiena
3%
IcSunnudagur
3%
LaSvētdiena
3%
LaTrešdiena
3%

Score Distribution

Percentile by Number Answered

Percent of People with Each Score

Your Score History

You have not taken this quiz